00580nam a22001697a 4500003000200000005001700002008004100019020002200060050002300082100002400105245006700129250001900196260003700215300007000252504006400322650002400386020240829104630.0240829b xxu||||| |||| 00| 0 eng d a978-1-264-47934-4 aBF 713 b.M37 2022 aMartorell, Gabriela aLife:bthe essentials of human developmentcGabriela Martorell aSecond edition aNew YorkbMcGraw Hill, LLCc2022 axxvii, 415 pages :bcolored illustrations and pictures ; c28cm.  aIncludes bibliographical references, glossary, and index.  aHuman development.